000 00556nam a2200181Ia 4500
008 090124s9999 xx 000 0 und d
082 _b32234
100 _aआठवले सदाशिव
245 _a केमाल पाशा
250 _a1
260 _bश्री विद्या प्रकाशन
_c1994
300 _a270
600 _aआठवले सदाशिव
630 _a केमाल पाशा
700 _aआठवले सदाशिव
730 _a केमाल पाशा
942 _cBOOK
999 _c98340
_d98340